[Event "Zuerich m rap"]
[Site "Zuerich"]
[Date "2015.02.16"]
[Round "3"]
[White "Uhlmann, Wolfgang"]
[Black "Kortschnoj, Viktor Lvovich"]
[Result "0-1"]
[WhiteElo "2326"]
[BlackElo "2499"]
[Annotator "Sagar Shah"]
[PlyCount "88"]
[EventDate "2015.02.15"]
[EventType "match (rapid)"]
[EventRounds "4"]
[EventCountry "SUI"]
[SourceTitle "CBM 164 Extra"]
[Source "ChessBase"]
[SourceDate "2015.03.02"]
[SourceVersion "1"]
[SourceVersionDate "2015.03.02"]
[SourceQuality "1"]

1. c4 {Uhlmann sticks to the move that he made in the first game.} e5 2. Nc3
Nf6 3. Nf3 Nc6 4. g3 {Once again it's four knights. But this time Korchnoi
instead of going for Bb4, converts the position into a Reversed Sicilian.} d5
5. cxd5 Nxd5 6. Bg2 Nde7 $5 (6... Nb6 {is considered to be the main move.}) 7.
O-O g6 8. b4 a6 (8... Nxb4 9. Nxe5 $16) 9. Rb1 Bg7 10. a4 O-O 11. d3 (11. b5
axb5 12. axb5 Nd4 $11) 11... Nd4 12. Nd2 $1 {White prevents the exchange of
knights and aims to push back the knight with e3.} c6 {Blunting the g2 bishop.}
13. e3 Ne6 14. Qe2 (14. Nc4 {was more active and better as} Nd5 {can be met
with} 15. Bb2 $1 Nxb4 $6 16. Ba3 $1 $14) 14... Nd5 15. Nxd5 cxd5 {Black has
equalised out of the opening.} 16. f4 $5 {An overambitious move. On first
sight it seems illogical that White can launch an attack on Black without
being fully developed. Yet there are some threats of breaking the kingside
pawn structure with f4-f5 and Black has to react accurately.} (16. Bb2 {
was better.}) 16... exf4 17. gxf4 Re8 {White's central constellation of pawns
can be a strength if set into motion but currently they seem more like a
weakness.} 18. Nb3 (18. f5 Nd4 $17) 18... Qd6 19. Qf3 Qxb4 20. f5 (20. Qxd5
Qxa4 $15) 20... gxf5 {Breaking up the kingside pawn structure gives White
definite counter chances.} (20... Nd8 $1 {was better and after} 21. fxg6 hxg6
22. Qxd5 Bf5 $15 {Black stands better.}) 21. Qxf5 Nd8 22. Qxd5 Qxa4 23. Nc5 {
Suddenly the White pieces look quite active and the black ones look pushed
back and clumsily placed.} Qc2 24. Rb6 {The rook also joins in the party} Be6 (
24... Bh3 $5 {was an amazing tactical possibility.} 25. Bxh3 Re5 26. Qd7 Qxc5 {
When Black regains his piece but White keeps an edge after} 27. Rd6 $14) 25.
Qh5 Bg4 $2 {A tactical error which goes unpunished.} 26. Qg5 (26. Qxg4 $1 Qxc5
27. Bb2 $1 {There is absolutely no way for Black to defend himself in this
position.} Qxe3+ 28. Kh1 Re5 29. Bxe5 Qxe5 30. Qd7 $18 {with a winning
advantage.}) 26... Re5 27. Qxg4 Qxc5 28. Rb4 (28. Bb2 Qxb6 29. Bxe5 Qxe3+ $19 {
would be just losing for White.}) 28... Rg5 29. Qf4 Rg6 {Black is a pawn up
and to some extent he has fortified his position.} 30. Re4 Qb5 31. Ba3 Rf6 32.
Qh4 Rxf1+ 33. Bxf1 Ne6 34. d4 Qb1 (34... Qb3 $1 {Not only attacking the a3
bishop but also threatening to trap the rook on e4 with the move f5.} 35. Bd6
f5 $19 {traps the rook.}) 35. Rg4 Kh8 36. d5 Nf8 37. Be7 $2 {This is the final
error of the game. After this Korchnoi is able to finish off his opponent
easily.} (37. Qh5 $13) 37... Ng6 $1 38. Rxg6 (38. Qg5 h6 $19) 38... Qxg6+ 39.
Bg2 Rc8 40. Qh3 Rc1+ 41. Kf2 Qc2+ 42. Kf3 Qd1+ 43. Kf4 Rc4+ 44. e4 Qxd5 (44...
Qxd5 {It could have been possible to prolong the game here with} 45. Qc8+ Rxc8
46. exd5 {But to win this position should not be a difficult task for Korchnoi.
}) 0-1